00473nam a22001577a 450000500170000001000150001702000260003203500140005803700130007208200110008510000210009624500550011726000520017227000710022430000200029520220808104205.0 aENG-134342 a9789390961825c595.00 aEN-117874 bDBAD/PUB a339.53 aGoradia, Prafull aMerchants of Debt & Other Essays/cPrafull Goradia aNew DelhibWit Books Nad Services Pvt Ltdc2022 a2/15, Ansari Road, DaryaganjbNew Delhie110002minfo@withbooks.in a278p.c23cm(hb)